000 01131cam a2200133 4500500
005 20251214001930.0
041 _afre
042 _adc
100 1 0 _aMayaki, Ibrahim Assane
_eauthor
245 0 0 _aL'Afrique à l'heure des choix : Manifeste pour des solutions panafricaines
260 _bArmand Colin,
_c2018.
520 _aSi la dernière décennie de croissance a vu naître le concept très à la mode d’afro-optimisme, on ne peut éluder le fait que l’Afrique abrite toujours près de 400 millions de personnes vivant dans une extrême pauvreté et qu’elle ne compte que très peu dans l’économie mondiale. Ce livre s’adresse aux jeunes générations qui, dans dix ans, gouverneront l’Afrique. Face aux défis de la globalisation, du changement climatique et de la pression démographique, Ibrahim Assane Mayaki donne les clés aux futurs dirigeants pour bâtir une unité panafricaine, renforcer les institutions et réussir la juste intégration du continent dans la mondialisation.
856 4 1 _uhttps://shs.cairn.info/l-afrique-a-l-heure-des-choix--9782200622398?lang=fr&redirect-ssocas=7080
999 _c1566589
_d1566589